| 000 | 01242nam a2200229Ia 4500 | ||
|---|---|---|---|
| 003 | Ost | ||
| 005 | 20260507075130.0 | ||
| 008 | 260507s9999||||xx |||||||||||||| ||und|| | ||
| 020 | _a8084345977 | ||
| 040 | _cfsecg | ||
| 041 | _aara | ||
| 082 | _a330 | ||
| 100 |
_aواطسون، نيل _eمؤلف |
||
| 245 | 0 |
_aأساليب الفعالية لزيادة المبيعات / _c نيل واطسون |
|
| 260 |
_aالقاهرة: _bدار الفاروق للنشر والتوزيع, _c2001 |
||
| 300 |
_a104 صفحة؛ _bإيضاحات ؛ _c24 سم |
||
| 520 | _aالأساليب الفعالة لزيادة المبيعات- الطريقة الجيدة لعرض السلع هي الطريقة المثلى للنجاح- بعض الأفكار العملية اللازمة عند التعامل مع العملاء- التفاوض كأحد مهارات البيع- كيف تلبي إحتياجات العملاء؟- كيفية زيادة فاعلية تكنولوجيا الإتصالات- كيفية التعامل مع كافة الامور المادية- الحياة الصحية. | ||
| 653 | _aأدارة المبيعات | ||
| 653 | _aالمبيعات | ||
| 700 |
_aهرست، ستيف _eمؤلف ثانوي |
||
| 942 | _cكتاب | ||
| 999 |
_c43208 _d43208 |
||